Mining rights in Zambia (Record no. 77685)
[ view plain ]
| 000 -LEADER | |
|---|---|
| fixed length control field | 00962nam a2200217 a 4500 |
| 008 - FIXED-LENGTH DATA ELEMENTS--GENERAL INFORMATION | |
| fixed length control field | 120416s1987 ||||||||||||||||| || u |
| 020 ## - INTERNATIONAL STANDARD BOOK NUMBER | |
| International Standard Book Number | 9982010018 |
| 050 ## - LIBRARY OF CONGRESS CALL NUMBER | |
| Classification number | KG 3631 Ndu |
| 100 ## - MAIN ENTRY--PERSONAL NAME | |
| Personal name | Ndulo, Muna |
| 245 10 - TITLE STATEMENT | |
| Title | Mining rights in Zambia |
| 260 ## - PUBLICATION, DISTRIBUTION, ETC. | |
| Place of publication, distribution, etc. | Lusaka |
| Name of publisher, distributor, etc. | Kenneth Kaunda Foundation |
| Date of publication, distribution, etc. | 1987 |
| 300 ## - PHYSICAL DESCRIPTION | |
| Extent | xxviii, 276p. |
| 350 ## - | |
| -- | 0.00 |
| 650 ## - SUBJECT ADDED ENTRY--TOPICAL TERM | |
| Topical term or geographic name entry element | MINING |
| 650 ## - SUBJECT ADDED ENTRY--TOPICAL TERM | |
| Topical term or geographic name entry element | MINERAL RIGHTS--ZAMBIA |
| 650 ## - SUBJECT ADDED ENTRY--TOPICAL TERM | |
| Topical term or geographic name entry element | MINES AND MINERAL RESOURCES--ZAMBIA |
| 650 ## - SUBJECT ADDED ENTRY--TOPICAL TERM | |
| Topical term or geographic name entry element | MINING LAW--ZAMBIA |
| 995 ## - | |
| -- | SPECIAL COLLECTIONS |
| -- | 744815 |
| -- | CBU-MAIN LIBRARY (Kitwe) |
| -- | 0.00 |
| -- | KG 3631 Ndu |
| -- | 3 |
| -- | AVAILABLE |
| -- | Jun 9, 2014 |
| -- | 744815 |
| -- | Zambiana Collection |
| 995 ## - | |
| -- | SPECIAL COLLECTIONS |
| -- | 0.00 |
| -- | 722721 |
| -- | CBU-MAIN LIBRARY (Kitwe) |
| -- | 1 |
| -- | 48.20 |
| -- | ZAM KG 3631 NDU |
| -- | 2 |
| -- | AVAILABLE |
| -- | 024135 |
| -- | Zambiana Collection |
| 995 ## - | |
| -- | MAIN LIBRARY OPEN ACCESS |
| -- | 12000.00 |
| -- | 740399 |
| -- | CBU-MAIN LIBRARY (Kitwe) |
| -- | 1 |
| -- | 12000.00 |
| -- | KG 3631 NDU |
| -- | 1 |
| -- | AVAILABLE |
| -- | Feb 26, 2010 |
| -- | 740399 |
| -- | Main Library Open Access Collection |
| 999 ## - | |
| -- | 77685 |
| -- | 77685 |
| Withdrawn status | Lost status | Source of classification or shelving scheme | Damaged status | Not for loan | Permanent Location | Current Location | Shelving location | Date acquired | Total Checkouts | Full call number | Barcode | Date last seen | Copy number | Price effective from | Koha item type | Date last checked out |
|---|---|---|---|---|---|---|---|---|---|---|---|---|---|---|---|---|
| CBU-MAIN LIBRARY, KITWE. | CBU-MAIN LIBRARY, KITWE. | 05/03/2023 | ZAM KG 3631 Ndu | 744815 | 05/03/2023 | 1 | 05/03/2023 | SPECIAL COLLECTION | ||||||||
| CBU-MAIN LIBRARY, KITWE. | CBU-MAIN LIBRARY, KITWE. | 05/03/2023 | ZAM KG 3631 Ndu | 024135 | 05/03/2023 | 2 | 05/03/2023 | SPECIAL COLLECTION | ||||||||
| CBU-MAIN LIBRARY, KITWE. | CBU-MAIN LIBRARY, KITWE. | 05/03/2023 | 2 | KG 3631 Ndu | 740399 | 02/20/2026 | 3 | 05/03/2023 | MONOGRAPH | 02/09/2026 |